John Pork vs Ed Sheeran - Statistiques

Statistiques générales
  • Ce quiz a été pris 12 fois
  • Le résultat moyen est 5 sur 10
Statistiques - réponses
Question Réponse % Correct
Lequel est le plus galvanisant ? John Pork
91%
Lequel est le plus gourmand ? John Pork
82%
Lequel a organisé un traffic de vente de El Mordjene en 2024 ? John Pork
73%
Lequel a une petite queue ? John Pork
64%
Lequel va gagner aux prochaines élections belges ? John Pork
64%
Lequel risque le plus de tomber enceint Ed Sheeran
45%
Lequel est végétarien John Pork
36%
Lequel a la cotte auprès des boomers ? Les deux
27%
Lequel soulève 300 kilos au leg press ? Ed Sheeran
9%
Lequel a mangé le plus de boue dans sa jeunesse ? Ed Sheeran
9%
Aucun quiz correspondant
Distribution des résultats
% des personnes avec chaque résultat
Percentile par nombre de réponses
Votre historique - résultats
Vous n’avez pas pris ce quiz